| 000 | 00545nam a2200181 a 4500 | ||
|---|---|---|---|
| 005 | 20210223125026.0 | ||
| 008 | 030623s1976 mx r 000 0 spa d | ||
| 035 | _aUPN01000126560 | ||
| 049 | _aSEP | ||
| 050 | 4 |
_aAC75 _bS4 no.258 |
|
| 100 | 1 |
_aSomolinos d'Ardois, Germán, _d1911-1973 _933428 |
|
| 245 | 1 | 0 |
_aHistoria de la psiquiatría en México / _cGermán Somolinos d'Ardois. |
| 260 |
_aMéxico : _bSEP, _c1976. |
||
| 300 | _a149 p. | ||
| 440 | 0 |
_aSepSetentas ; _v258 |
|
| 650 | 4 |
_aPSIQUIATRIA - _zMEXICO - _xHISTORIA _925906 |
|
| 905 | _aLibro | ||
| 999 |
_c98739 _d98739 |
||